Automotive engines : diagnosis, repair, and rebuilding

Đã lưu trong:
书目详细资料
主要作者: Gilles, Tim
格式: Sách
语言:Undetermined
出版: Boston, MA ,Cengage 2019
主题:
标签: 添加标签
没有标签, 成为第一个标记此记录!
Thư viện lưu trữ: Trung tâm Thư viện - Trường Đại học Công nghiệp TP. Hồ Chí Minh
LEADER 00471nam a2200157Ia 4500
001 UIH_00091
008 230809s9999 xx 000 0 und d
082 |a 629.25 
100 |a Gilles, Tim 
245 0 |a Automotive engines : diagnosis, repair, and rebuilding 
245 0 |c Gilles, Tim 
260 |b Boston, MA ,Cengage 
260 |c 2019 
650 |a Automobiles; 
927 |a Sách 
980 |a Trung tâm Thư viện - Trường Đại học Công nghiệp TP. Hồ Chí Minh